Movie Titles by Antonyms Quiz Stats

 Plays Quiz Updated Dec 9, 2014

Score 0/24 Timer 05:00
1 Play Today
Antonym Movie Title % Correct
DownUp
98.6%
The Bad, The Good and the BeautifulThe Good, The Bad and the Ugly
97.7%
Tiny MommyBig Daddy
95.2%
Forward To The PastBack to the Future
94.4%
Catwoman EndsBatman Begins
93.1%
Live SoftDie Hard
92.8%
The SatanmotherThe Godfather
91.3%
The Night Before YesterdayThe Day After Tomorrow
91.2%
You Hate Me, WomanI Love You, Man
90%
The ArrivedThe Departed
88.4%
Yes State for Young WomenNo Country for Old Men
87.6%
Bad Won't FishingGood Will Hunting
82.9%
Antonym Movie Title % Correct
Most Hate it ColdSome Like it Hot
82.7%
Your Worst Enemy's DivorceMy Best Friend's Wedding
82.7%
A Lot of Bad WomenA Few Good Men
80.8%
CowardlylungBraveheart
78.6%
Save PhilKill Bill
75.9%
Her Boy MondayHis Girl Friday
73.6%
The DropoutThe Graduate
72.5%
Nice BoysMean Girls
70.3%
Russian UglyAmerican Beauty
64.6%
Sunny WomanRain Man
48.3%
Front DoorRear Window
47.9%
UnblemishedbuttScarface
28.6%

You're not logged in!

Compare scores with friends on all Sporcle quizzes.
OR
Log In

Sporcle TV

Today on Sporcle TV


Watch our educational content, quiz creation guides, and fun videos on Sporcle TV.

Show Comments

Extras

Top Quizzes Today


Score Distribution

Your Account Isn't Verified!

In order to create a playlist on Sporcle, you need to verify the email address you used during registration. Go to your Sporcle Settings to finish the process.

Report this User

Report this user for behavior that violates our Community Guidelines.

Details: